| 000 | 00688nam a22001817a 4500 | ||
|---|---|---|---|
| 003 | UA-OsUOA | ||
| 001 | 7731 | ||
| 007 | ta | ||
| 008 | 20040629b un ||||| |||| 00| 0 ukr d | ||
| 100 | _aОмельчук С. | ||
| 942 | _cSA | ||
| 040 |
_aUA-OsUOA _cUA-OsUOA _dUA-OsUOA |
||
| 245 | _aФормування мовленнєво-комунікативних умінь на синтаксичній основі : Система мовленнєвих вправ у 9 класі | ||
| 300 | _aС.8-11 | ||
| 955 | _a0 | ||
| 773 | 0 |
_w0 _tДивослово (українська мова й література в навчальних закладах) _dКиїв _d2004 _g№6 |
|
| 650 | 7 | _2UDC | |
| 999 |
_c293892 _d293892 |
||